000 00757nam a2200265 a 4500
003 AR-BaBNM
005 20251128210308.0
008 082120s2002 ||||||||||||||000 | spa||
020 _a84-493-0726-0
040 _cAR-BaBNM
100 1 _aDuart, Josep Maria
245 0 0 _aLa organización ética de la escuela y la transmisión de valores
260 _aBarcelona
_bEdiciones Paidós Ibérica
_c1999
300 _a160 p.
_btablas, diagr.
490 0 _aPapeles de pedagogía
_vv. 41
504 _aContiene bibliografía p. 151-160
650 4 _aORGANIZACION ESCOLAR
650 4 _aETICA
650 4 _aCURRICULO
650 4 _aPARTICIPACION
653 _aGESTION INSTITUCIONAL
653 _aEDUCACION EN VALORES
942 _cBK
998 _cRaquel
999 _c14836
_d14836